La Croatie pour les touristes... - Statistiques

Statistiques générales
  • Ce quiz a été pris 127 fois
  • Le résultat moyen est 12 sur 20
Statistiques - réponses
Question Indice Reponses % Correct
Quelle est la langue officielle ? Croate
99%
La conduite se fait à droite ou à gauche ? Droite
90%
Dans la capitale y-a-t-il un décalage horaire avec Paris ? (oui/non) Non
89%
Quelle est la monnaie ? Euro
88%
Quelles autres langues parle-t-on ? S Serbe
85%
La vitesse sur autoroute est limité à {130} km/h
81%
Quelles sont les principales villes touristiques ? D Dubrovnik
78%
Quelles sont les principales villes touristiques ? S Split
72%
Quelles autres langues parle-t-on ? I Italien
71%
Le taux d'alcoolémie toléré au volant est de {0.5} g/l
65%
Quelles autres langues parle-t-on ? A Allemand
63%
La religion majoritaire est catholicisme
61%
Le suffixe internet est hr
47%
Quelles sont les principales villes touristiques ? Z Zadar
45%
Quelles sont les principales villes touristiques ? P Pula
35%
On peut y visiter les parcs nationaux de K Krka
26%
On peut y visiter les parcs nationaux de P Plitvice
25%
Achats à faire 2/ Accessoire masculin Cravate
17%
Achats à faire 1/ Ouvrage de fil Dentelle
12%
Quelles sont les principales villes touristiques ? P Porec
6%
Aucun quiz correspondant
Distribution des résultats
% des personnes avec chaque résultat
Percentile par nombre de réponses
Votre historique - résultats
Vous n’avez pas pris ce quiz